La migration des zombis : survivances de la magie antillaise en France

Αποθηκεύτηκε σε:
Λεπτομέρειες βιβλιογραφικής εγγραφής
Κύριος συγγραφέας: Migerel, Helene
Μορφή: Βιβλίο
Γλώσσα:French
Δημοσίευση: Paris : Caribeennes, c1987
Σειρά:Collection Regards
Θέματα:
Ετικέτες: Προσθήκη ετικέτας
Δεν υπάρχουν, Καταχωρήστε ετικέτα πρώτοι!

MARC

LEADER 00000nam a2200000 i 4500
001 1/103113
008 950512s1987 fre d
020 |a 2-903033-92-7 
035 |l 10012765 
040 |a GR-MY-UA  |b gre  |e aacr 
041 0 |a fre 
082 0 |a 306.4 
100 1 |a Migerel, Helene. 
245 1 3 |a La migration des zombis :  |b survivances de la magie antillaise en France /  |c Helene Migerel 
260 |a Paris :   |b Caribeennes,   |c c1987 
300 |a 245, [8] p.;  |c 23 cm 
490 1 |a Collection Regards 
504 |a Bibliography: p. 245-[246] 
650 0 0 |a Magic  |z Guadeloupe. 
650 0 0 |a Magic  |z Martinique. 
650 0 0 |a Magic  |z France. 
650 0 0 |a Blacks  |z France. 
830 0 |a Collection Regards 
852 |a INST  |b LESVOS  |e 19950512  |h 306.4 MIG  |p 005100000942  |q 005100000942  |t BK  |y 0 
909 |a Λ  |b 015302 
922 |a 1ΔΩΡ  |b 198910  |c Δ/Βιβ/κης